ბათუმის შოთა რუსთაველის სახელმწიფო უნივერსიტეტის ბიბლიოთეკა

Молекулярная биология клетки (ბიბ.ჩანაწერი № 35274)

000 -LEADER
fixed length control field 00788nam a2200253Ia 4500
001 - CONTROL NUMBER
control field 1123
003 - CONTROL NUMBER IDENTIFIER
control field GE_BSU
008 - FIXED-LENGTH DATA ELEMENTS--GENERAL INFORMATION
fixed length control field 181216s||||||||xx |||||||||||||| ||und||
020 ## - INTERNATIONAL STANDARD BOOK NUMBER
International Standard Book Number 978951804365
040 ## - CATALOGING SOURCE
Transcribing agency GE_BSU
080 ## - UNIVERSAL DECIMAL CLASSIFICATION NUMBER
Universal Decimal Classification number 611.018.1(075.8)
100 ## - MAIN ENTRY--PERSONAL NAME
Personal name Фаллер, М.Джеральд. Шилдс, Деннис
245 ## - TITLE STATEMENT
Title Молекулярная биология клетки
245 ## - TITLE STATEMENT
Remainder of title Руководство для врачей
245 ## - TITLE STATEMENT
Statement of responsibility, etc. Под общ. ред. И.Б.Збарского
260 ## - PUBLICATION, DISTRIBUTION, ETC.
Place of publication, distribution, etc. Москва
260 ## - PUBLICATION, DISTRIBUTION, ETC.
Name of publisher, distributor, etc. Бином
260 ## - PUBLICATION, DISTRIBUTION, ETC.
Date of publication, distribution, etc. 2011
300 ## - PHYSICAL DESCRIPTION
Extent 256стр.
653 ## - INDEX TERM--UNCONTROLLED
Uncontrolled term Молекулярная биология клетки
653 ## - INDEX TERM--UNCONTROLLED
Uncontrolled term მოლეკულური ბიოლოგია
942 ## - ADDED ENTRY ELEMENTS (KOHA)
Koha item type წიგნი
ეგზემპლარები
Withdrawn status Lost status Damaged status Not for loan Date acquired Barcode Date last seen Price effective from Koha item type Public note
        2018-12-17 2419 2018-12-17 2018-12-17 წიგნი დარბაზი
        2018-12-17 2420 2018-12-17 2018-12-17 წიგნი დარბაზი